[Event "Portugal tch 2012 - Fase final"]
[Site "Matosinhos POR"]
[Date "2012.07.28"]
[Round "8.1"]
[White "Rocha, Sérgio"]
[Black "Garcia - Ortega Mendez, Jose M"]
[Result "1-0"]
[WhiteElo "2404"]
[BlackElo "2328"]
[PlyCount "81"]
[EventDate "2012.07.21"]
[EventType "team"]
[EventRounds "9"]
[EventCountry "POR"]
[Source "lmi"]
[SourceDate "2012.07.21"]

1. Nf3 Nf6 2. g3 b6 3. Bg2 Bb7 4. O-O e6 5. b3 Be7 6. Bb2 O-O 7. d3 c5 8. a4
Nc6 9. Nbd2 d6 10. e3 Qc7 11. Qe2 Rfd8 12. h3 Nd7 13. g4 Bf6 14. c3 g6 15. g5
Bg7 16. Nh2 f5 17. gxf6 Nxf6 18. Ng4 Rf8 19. Ne4 Nxe4 20. dxe4 Rad8 21. Rad1
Qe7 22. f4 Rd7 23. b4 Nd8 24. a5 bxa5 25. bxc5 dxc5 26. Qb5 Bc6 27. Qxa5 Rb7
28. Ba3 Bb5 29. e5 Bxf1 30. Bxc5 Qh4 31. Bxf8 Bxg2 32. Qxd8 Qxd8 33. Rxd8 Bxh3
34. Bc5+ Kf7 35. Nf2 Rb1+ 36. Kh2 Bf1 37. Ne4 g5 38. Nxg5+ Kg6 39. Nxe6 Bh6 40.
Nd4 Bc4 41. e6 1-0

[Event "Portugal tch 2012 - Fase final"]
[Site "Matosinhos POR"]
[Date "2012.07.28"]
[Round "8.1"]
[White "Cabezas Ayala, Iván"]
[Black "Damaso, Rui"]
[Result "1/2-1/2"]
[WhiteElo "2310"]
[BlackElo "2365"]
[PlyCount "68"]
[EventDate "2012.07.21"]
[EventType "team"]
[EventRounds "9"]
[EventCountry "POR"]
[Source "lmi"]
[SourceDate "2012.07.21"]

1. e4 c5 2. Nf3 Nc6 3. Nc3 g6 4. d4 cxd4 5. Nxd4 Bg7 6. Be3 Nf6 7. Bc4 O-O 8.
Bb3 a5 9. O-O d6 10. h3 Nxd4 11. Bxd4 Bd7 12. a4 Bc6 13. e5 dxe5 14. Bxe5 Qc8
15. Qd4 Qf5 16. Qf4 Ne4 17. Qxf5 gxf5 18. Bxg7 Kxg7 19. Nxe4 fxe4 20. Rfd1 Rad8
21. Kf1 f5 22. Ke2 f4 23. Rxd8 Rxd8 24. Rd1 f3+ 25. gxf3 exf3+ 26. Ke1 Rxd1+
27. Kxd1 Kf6 28. Bg8 h6 29. b3 Kg5 30. Be6 Kf4 31. Kd2 Ke5 32. Bg4 Kf4 33. Be6
Ke5 34. Bg4 Kf4 1/2-1/2

[Event "Portugal tch 2012 - Fase final"]
[Site "Matosinhos POR"]
[Date "2012.07.28"]
[Round "8.1"]
[White "Ulyanovskyy, Viktor"]
[Black "Neves, Pedro"]
[Result "1-0"]
[WhiteElo "2290"]
[BlackElo "2244"]
[PlyCount "76"]
[EventDate "2012.07.21"]
[EventType "team"]
[EventRounds "9"]
[EventCountry "POR"]
[Source "lmi"]
[SourceDate "2012.07.21"]

1. e4 c5 2. c4 Nc6 3. Nc3 g6 4. g3 Bg7 5. Bg2 d6 6. Nge2 a6 7. O-O Rb8 8. a4
Bd7 9. d3 Nf6 10. h3 O-O 11. Be3 Qc8 12. Kh2 b5 13. axb5 axb5 14. Nxb5 Ne5 15.
Nec3 Ra8 16. Qe2 Nc6 17. d4 Rxa1 18. Rxa1 cxd4 19. Nxd4 Nxd4 20. Bxd4 Be6 21.
Nd5 Nxd5 22. Bxg7 Nf4 23. gxf4 Kxg7 24. Rc1 Qc5 25. b3 Rb8 26. Rc3 f6 27. Qe3
Qa5 28. Bf3 Bf7 29. Bg4 Rb7 30. Rd3 Qa1 31. h4 Qa5 32. Kg2 Qa1 33. f5 Qe5 34.
fxg6 hxg6 35. Bd1 Rb8 36. f4 Qa1 37. Qg3 Qb2+ 38. Qf2 Qb1 1-0

[Event "Portugal tch 2012 - Fase final"]
[Site "Matosinhos POR"]
[Date "2012.07.28"]
[Round "8.1"]
[White "Cruz, Jorge"]
[Black "Ulyanovskyy, Volodimir"]
[Result "1/2-1/2"]
[WhiteElo "2082"]
[BlackElo "2073"]
[PlyCount "63"]
[EventDate "2012.07.21"]
[EventType "team"]
[EventRounds "9"]
[EventCountry "POR"]
[Source "lmi"]
[SourceDate "2012.07.21"]

1. e4 c5 2. Nf3 e6 3. d4 cxd4 4. Nxd4 a6 5. Bd3 Qc7 6. c4 Nf6 7. O-O Be7 8. Nc3
O-O 9. Be3 d6 10. f3 Nbd7 11. Qd2 b6 12. Rac1 Bb7 13. Rfd1 Rac8 14. Qf2 Qb8 15.
Be2 Bd8 16. Nb3 Bc7 17. g3 Rfd8 18. Na4 Bc6 19. Nc3 Qa8 20. Nd4 Bb7 21. Nc2 Qb8
22. Qf1 h6 23. Nb4 Nc5 24. Nc2 Qa8 25. Qf2 Qb8 26. Qf1 h5 27. Qh3 Qa8 28. Bg5
Ncd7 29. Ne3 Re8 30. Rc2 Bc6 31. Rcd2 Qb7 32. Kg2 1/2-1/2

[Event "Portugal tch 2012 - Fase final"]
[Site "Matosinhos POR"]
[Date "2012.07.28"]
[Round "8.2"]
[White "Alvarez Fernandez, Enrique"]
[Black "Strikovic, Aleksa"]
[Result "0-1"]
[WhiteElo "2369"]
[BlackElo "2559"]
[PlyCount "84"]
[EventDate "2012.07.21"]
[EventType "team"]
[EventRounds "9"]
[EventCountry "POR"]
[Source "lmi"]
[SourceDate "2012.07.21"]

1. d4 d6 2. Nf3 g6 3. Bf4 Bg7 4. e3 Nd7 5. h3 e5 6. Bh2 Nh6 7. c4 O-O 8. Nc3
Nf5 9. Be2 Re8 10. O-O exd4 11. exd4 Nf8 12. d5 Nd7 13. Re1 Nc5 14. Qd2 Bd7 15.
g4 Nh4 16. Bg3 Bxc3 17. Qxc3 Ne4 18. Bxh4 Nxc3 19. Bxd8 Nxe2+ 20. Kf1 Raxd8 21.
Rxe2 h5 22. Nh2 hxg4 23. hxg4 b5 24. b3 bxc4 25. bxc4 Rxe2 26. Kxe2 Rb8 27. Kf3
Kf8 28. Nf1 Rb2 29. Ne3 a5 30. Nd1 Rb4 31. Rc1 Ke7 32. Rc3 Kf6 33. Ne3 Rb2 34.
a3 c5 35. Nc2 Ba4 36. Ne3 Ke5 37. Rd3 Rb3 38. Ke2 Rxd3 39. Kxd3 Kf4 40. Ke2 Ke4
41. f3+ Kd4 42. Kd2 Bb3 0-1

[Event "Portugal tch 2012 - Fase final"]
[Site "Matosinhos POR"]
[Date "2012.07.28"]
[Round "8.2"]
[White "Fernando, Diogo"]
[Black "Andres Gonzalez, Ivan"]
[Result "1/2-1/2"]
[WhiteElo "2469"]
[BlackElo "2324"]
[PlyCount "124"]
[EventDate "2012.07.21"]
[EventType "team"]
[EventRounds "9"]
[EventCountry "POR"]
[Source "lmi"]
[SourceDate "2012.07.21"]

1. e4 c5 2. Nc3 Nc6 3. Nf3 d6 4. d4 cxd4 5. Nxd4 Nf6 6. Bc4 e5 7. Nf5 Be6 8.
Ne3 Bxc4 9. Nxc4 Nxe4 10. Nxe4 d5 11. Nxe5 Nxe5 12. Ng3 Bc5 13. O-O O-O 14. Qh5
Re8 15. Bg5 Qb6 16. b3 Rac8 17. Rad1 d4 18. Nf5 Qg6 19. Qxg6 hxg6 20. Nxd4 Bxd4
21. Rxd4 Rxc2 22. Re4 f6 23. Be3 Rd8 24. Rb4 Rd7 25. Bxa7 Rxa2 26. Be3 g5 27.
h3 Kh7 28. Rb5 Nc6 29. Rb6 Rb2 30. Bc5 Ne5 31. Ba3 Rbd2 32. Bc1 R2d6 33. Rxd6
Rxd6 34. Be3 Rd5 35. Rb1 Rb5 36. Kf1 Nc4 37. Bc1 Rb4 38. Ke2 Na5 39. Kd3 Rxb3+
40. Rxb3 Nxb3 41. Be3 Na5 42. Kd4 Kg6 43. g4 Nc6+ 44. Kd5 Ne5 45. f4 gxf4 46.
Bxf4 Nf3 47. Be3 Kf7 48. Bb6 g5 49. Bf2 Ne5 50. Bb6 Ng6 51. Ke4 Ke6 52. Bf2 b5
53. Be1 Nf4 54. h4 Ng2 55. hxg5 Nxe1 56. gxf6 Nc2 57. f7 Kxf7 58. Kd5 Kf6 59.
Kc5 b4 60. Kc4 Kg5 61. Kb3 Ne3 62. Kxb4 Nxg4 1/2-1/2

[Event "Portugal tch 2012 - Fase final"]
[Site "Matosinhos POR"]
[Date "2012.07.28"]
[Round "8.2"]
[White "Diogo, Vasco"]
[Black "Vassallo Barroche, Maurício"]
[Result "1/2-1/2"]
[WhiteElo "2261"]
[BlackElo "2433"]
[PlyCount "83"]
[EventDate "2012.07.21"]
[EventType "team"]
[EventRounds "9"]
[EventCountry "POR"]
[Source "lmi"]
[SourceDate "2012.07.21"]

1. e4 g6 2. d4 Bg7 3. Nf3 d6 4. Nc3 Nf6 5. Be2 O-O 6. O-O Nc6 7. d5 Nb8 8. Be3
e5 9. dxe6 Bxe6 10. Nd4 Bd7 11. f3 Nc6 12. Nxc6 bxc6 13. Qd2 Re8 14. Rfe1 Qb8
15. b3 Be6 16. Rad1 Qb4 17. Na4 a5 18. c3 Qb7 19. c4 c5 20. e5 dxe5 21. Nxc5
Qc6 22. Bd3 Bf8 23. Ne4 Bf5 24. Nxf6+ Qxf6 25. Bxf5 Qxf5 26. Qd7 Bb4 27. Re2
Rad8 28. Qxd8 Rxd8 29. Rxd8+ Kg7 30. Rd5 f6 31. Kf2 g5 32. g4 Qb1 33. Kg2 Kg6
34. Bf2 h5 35. h3 h4 36. Rd7 c6 37. c5 Qc1 38. Rd6 Bc3 39. Be3 Qb1 40. Bf2 Qc1
41. Be3 Qb1 42. Bf2 1/2-1/2

[Event "Portugal tch 2012 - Fase final"]
[Site "Matosinhos POR"]
[Date "2012.07.28"]
[Round "8.3"]
[White "Johannessen, Leif"]
[Black "Spraggett, Kevin"]
[Result "1-0"]
[WhiteElo "2507"]
[BlackElo "2595"]
[PlyCount "101"]
[EventDate "2012.07.21"]
[EventType "team"]
[EventRounds "9"]
[EventCountry "POR"]
[Source "lmi"]
[SourceDate "2012.07.21"]

1. Nf3 e6 2. c4 Nf6 3. Nc3 c5 4. g3 a6 5. Bg2 d6 6. O-O Be7 7. d4 cxd4 8. Nxd4
O-O 9. e4 Qc7 10. Qe2 Nc6 11. Nxc6 bxc6 12. Be3 Rb8 13. c5 dxc5 14. Na4 Rb5 15.
Rfc1 Nd7 16. Qc2 Bb7 17. Bf1 Rc8 18. f4 e5 19. f5 h6 20. Rd1 Bf8 21. Rd2 Nf6
22. h3 Kh7 23. b3 Rb4 24. Bc4 a5 25. Rad1 Ba8 26. Bf2 Qa7 27. Kh2 Rbb8 28. Bf1
Rb5 29. Rc1 Qb8 30. Bg2 c4 31. bxc4 Rb4 32. Nc5 Rb6 33. Qc3 Re8 34. Qxa5 Rb1
35. Rcc2 Qb4 36. Qxb4 Rxb4 37. a3 Rb1 38. a4 Bxc5 39. Bxc5 Bb7 40. Rb2 Rxb2 41.
Rxb2 Ba6 42. Rb6 Bxc4 43. Rxc6 Bd3 44. a5 Nxe4 45. Be3 Nf6 46. a6 e4 47. a7 Nd5
48. Bd4 Nb4 49. Rc7 Kg8 50. Re7 Rc8 51. Rxe4 1-0

[Event "Portugal tch 2012 - Fase final"]
[Site "Matosinhos POR"]
[Date "2012.07.28"]
[Round "8.3"]
[White "Luch, Michal"]
[Black "Dias, Paulo"]
[Result "1-0"]
[WhiteElo "2426"]
[BlackElo "2440"]
[PlyCount "49"]
[EventDate "2012.07.21"]
[EventType "team"]
[EventRounds "9"]
[EventCountry "POR"]
[Source "lmi"]
[SourceDate "2012.07.21"]

1. d4 Nf6 2. c4 e6 3. Nc3 d5 4. cxd5 exd5 5. Bg5 Be7 6. e3 c6 7. Bd3 Nbd7 8.
Qc2 Nh5 9. Bxe7 Qxe7 10. Nge2 g6 11. O-O O-O 12. Rab1 Nb6 13. b4 a6 14. a4 Be6
15. a5 Nc4 16. Bxc4 dxc4 17. e4 f5 18. e5 f4 19. f3 Ng7 20. Qd2 Rad8 21. Ne4 g5
22. g4 fxg3 23. hxg3 Bh3 24. Rf2 Qxe5 25. dxe5 1-0

[Event "Portugal tch 2012 - Fase final"]
[Site "Matosinhos POR"]
[Date "2012.07.28"]
[Round "8.3"]
[White "Andrade, José Manuel"]
[Black "Kolosowski, Mateusz"]
[Result "1/2-1/2"]
[WhiteElo "2244"]
[BlackElo "2413"]
[PlyCount "111"]
[EventDate "2012.07.21"]
[EventType "team"]
[EventRounds "9"]
[EventCountry "POR"]
[Source "lmi"]
[SourceDate "2012.07.21"]

1. e4 e5 2. Nf3 Nc6 3. Bc4 Nf6 4. d3 Be7 5. c3 O-O 6. b4 a6 7. Bg5 h6 8. Bh4 d6
9. Nbd2 Be6 10. O-O Qd7 11. Re1 Nh5 12. Bxe7 Qxe7 13. d4 Bg4 14. h3 Bxf3 15.
Nxf3 Nf4 16. Kh2 Qf6 17. g3 Ng6 18. Kg2 Rad8 19. Qd2 Nge7 20. a4 Kh7 21. Rad1
Nc8 22. Bd5 N8e7 23. Ba2 Nc8 24. b5 axb5 25. axb5 N6a7 26. c4 c5 27. bxc6 Nxc6
28. d5 Nb8 29. Qb2 Qe7 30. Rb1 Nd7 31. Qxb7 Qf6 32. Qc7 Nc5 33. Rb5 Rd7 34. Qa5
Ra7 35. Qd2 Ne7 36. Bb1 Rfa8 37. Re3 Ng6 38. h4 Nf8 39. Qb2 Nfd7 40. Nd2 g6 41.
Qc1 Qe7 42. Qd1 h5 43. Bd3 Ra1 44. Rb1 R1a2 45. Nb3 Nxb3 46. Qxb3 Nc5 47. Qd1
R8a3 48. Qf3 Qa7 49. Bf1 Rxe3 50. Qxe3 Nxe4 51. Qxa7 Rxa7 52. Rb6 Ra2 53. Kg1
Ra1 54. Kg2 Ra2 55. Kg1 Ra1 56. Kg2 1/2-1/2

[Event "Portugal tch 2012 - Fase final"]
[Site "Matosinhos POR"]
[Date "2012.07.28"]
[Round "8.3"]
[White "Butkiewicz, Lukasz"]
[Black "Leite, Catarina"]
[Result "1-0"]
[WhiteElo "2402"]
[BlackElo "2175"]
[PlyCount "47"]
[EventDate "2012.07.21"]
[EventType "team"]
[EventRounds "9"]
[EventCountry "POR"]
[Source "lmi"]
[SourceDate "2012.07.21"]

1. e4 e5 2. Nf3 Nc6 3. Bb5 f5 4. Nc3 Nf6 5. exf5 e4 6. Ng5 d5 7. d3 Bxf5 8.
dxe4 dxe4 9. Qe2 Bb4 10. Qc4 Qd7 11. Be3 Bxc3+ 12. Qxc3 Rd8 13. Bc5 Nd5 14.
Bxc6 bxc6 15. Qe5+ Ne7 16. O-O O-O 17. Qxe7 Qd5 18. c4 Qxc4 19. Rac1 Qxa2 20.
Qxc7 Rd7 21. Qe5 Rd5 22. Qe7 Rfd8 23. Qf7+ Kh8 24. Bd4 1-0

[Event "Portugal tch 2012 - Fase final"]
[Site "Matosinhos POR"]
[Date "2012.07.28"]
[Round "8.4"]
[White "Korneev, Oleg"]
[Black "Gonzalez Perez, Arian"]
[Result "1-0"]
[WhiteElo "2577"]
[BlackElo "2452"]
[PlyCount "93"]
[EventDate "2012.07.21"]
[EventType "team"]
[EventRounds "9"]
[EventCountry "POR"]
[Source "lmi"]
[SourceDate "2012.07.21"]

1. e4 c5 2. Nf3 Nc6 3. d4 cxd4 4. Nxd4 g6 5. Nc3 Bg7 6. Be3 Nf6 7. Bc4 O-O 8.
Bb3 d6 9. f3 Bd7 10. Qd2 Nxd4 11. Bxd4 b5 12. a4 b4 13. Nd5 Nxd5 14. exd5 Bxd4
15. Qxd4 e5 16. dxe6 Bxe6 17. O-O-O Bxb3 18. cxb3 Qg5+ 19. Rd2 Qf5 20. Qd3
Rac8+ 21. Kb1 Qe6 22. Re2 Qf6 23. Rd1 Rfd8 24. Re4 Qg5 25. g3 Qc5 26. Rc4 Qf2
27. Qc2 Qxc2+ 28. Kxc2 Kf8 29. Rd5 Rb8 30. Rc7 a6 31. Kd2 Ra8 32. Rd4 Rac8 33.
Rxc8 Rxc8 34. Rxd6 a5 35. Rd5 Ra8 36. Kd3 Ke7 37. f4 Ke6 38. Kd4 h5 39. h4 Ra6
40. Re5+ Kd6 41. f5 Kd7 42. fxg6 Rxg6 43. Rg5 Rxg5 44. hxg5 f6 45. gxf6 Ke6 46.
Kc5 Kxf6 47. Kb5 1-0

[Event "Portugal tch 2012 - Fase final"]
[Site "Matosinhos POR"]
[Date "2012.07.28"]
[Round "8.4"]
[White "Ferreira, Jorge"]
[Black "Ftácnik, Lubomír"]
[Result "1/2-1/2"]
[WhiteElo "2338"]
[BlackElo "2516"]
[PlyCount "59"]
[EventDate "2012.07.21"]
[EventType "team"]
[EventRounds "9"]
[EventCountry "POR"]
[Source "lmi"]
[SourceDate "2012.07.21"]

1. c4 Nf6 2. Nc3 c5 3. g3 e6 4. Nf3 b6 5. Bg2 Bb7 6. O-O Be7 7. b3 O-O 8. Bb2
d5 9. cxd5 exd5 10. d4 Na6 11. dxc5 Nxc5 12. Nd4 Qd7 13. Qc2 Rac8 14. Rac1 Nfe4
15. Rfd1 Bg5 16. e3 Bf6 17. Qb1 Rfd8 18. Nce2 g5 19. Nf3 Qf5 20. Bxf6 Qxf6 21.
Qa1 Qxa1 22. Rxa1 Ba6 23. Bf1 Bxe2 24. Bxe2 Nc3 25. Re1 Nxe2+ 26. Rxe2 Ne4 27.
Nd4 g4 28. Rc2 Rxc2 29. Nxc2 Kg7 30. Nd4 1/2-1/2

[Event "Portugal tch 2012 - Fase final"]
[Site "Matosinhos POR"]
[Date "2012.07.28"]
[Round "8.4"]
[White "Pereira, Ruben"]
[Black "Padeiro, José"]
[Result "1-0"]
[WhiteElo "2417"]
[BlackElo "2354"]
[PlyCount "79"]
[EventDate "2012.07.21"]
[EventType "team"]
[EventRounds "9"]
[EventCountry "POR"]
[Source "lmi"]
[SourceDate "2012.07.21"]

1. e4 c5 2. Nf3 Nc6 3. d4 cxd4 4. Nxd4 Nf6 5. Nc3 e5 6. Ndb5 d6 7. Bg5 a6 8.
Na3 b5 9. Nd5 Be7 10. Bxf6 Bxf6 11. c3 O-O 12. Nc2 Bg5 13. a4 bxa4 14. Rxa4 a5
15. Bc4 Rb8 16. b3 Kh8 17. Nce3 Be6 18. Qd3 Bxe3 19. Qxe3 Ne7 20. O-O Nxd5 21.
exd5 Bd7 22. Ra3 f5 23. Rfa1 f4 24. Qe1 f3 25. Rxa5 fxg2 26. Qe3 Bg4 27. Rb5
Rc8 28. Rb7 Qh4 29. Qg3 Qh5 30. Be2 Rf4 31. f3 Qg6 32. fxg4 Rcf8 33. Qxg2 Qc2
34. Rf1 Qxc3 35. Rxf4 exf4 36. Qf3 Qe1+ 37. Bf1 h6 38. g5 Qh4 39. gxh6 Qxh6 40.
Qh3 1-0

[Event "Portugal tch 2012 - Fase final"]
[Site "Matosinhos POR"]
[Date "2012.07.28"]
[Round "8.4"]
[White "Rubio Mejía, Luis"]
[Black "Peña Gomez, Manuel"]
[Result "1/2-1/2"]
[WhiteElo "2428"]
[BlackElo "2408"]
[PlyCount "71"]
[EventDate "2012.07.21"]
[EventType "team"]
[EventRounds "9"]
[EventCountry "POR"]
[Source "lmi"]
[SourceDate "2012.07.21"]

1. d4 Nf6 2. c4 c5 3. d5 e6 4. Nc3 exd5 5. cxd5 d6 6. g3 g6 7. Bg2 Bg7 8. Nf3
O-O 9. O-O Re8 10. Nd2 b6 11. a4 Na6 12. Nc4 Nb4 13. Bf4 Bf8 14. Qd2 Ba6 15. b3
Qd7 16. e4 Bxc4 17. bxc4 a6 18. h3 Bg7 19. Rfe1 Nh5 20. Bg5 f6 21. Be3 f5 22.
Rac1 Nf6 23. exf5 Qxf5 24. g4 Qd3 25. Bf1 Qxd2 26. Bxd2 Rxe1 27. Rxe1 Nc2 28.
Re7 Rd8 29. Rb7 Nd4 30. Kg2 Rf8 31. Be3 Nc2 32. Bd2 Nd4 33. Bc1 Nf3 34. Be2 Nd4
35. Bf1 Nc2 36. Bd2 1/2-1/2

[Event "Portugal tch 2012 - Fase final"]
[Site "Matosinhos POR"]
[Date "2012.07.28"]
[Round "8.5"]
[White "Vasques, António"]
[Black "Appel, Ralf"]
[Result "1/2-1/2"]
[WhiteElo "2214"]
[BlackElo "2535"]
[PlyCount "118"]
[EventDate "2012.07.21"]
[EventType "team"]
[EventRounds "9"]
[EventCountry "POR"]
[Source "lmi"]
[SourceDate "2012.07.21"]

1. e4 g6 2. d4 Bg7 3. Nc3 d6 4. f4 a6 5. Nf3 b5 6. Bd3 Bb7 7. O-O Nd7 8. e5 e6
9. a4 b4 10. Ne4 Nh6 11. c3 O-O 12. exd6 Nf5 13. dxc7 Qxc7 14. Bd2 Nb6 15. Qe2
bxc3 16. bxc3 a5 17. Rfb1 Rfd8 18. Ne5 Ra7 19. Nxf7 Qxf7 20. Ng5 Nxd4 21. cxd4
Bxd4+ 22. Kh1 Qf6 23. Qxe6+ Kg7 24. Ra3 Rd6 25. Qxf6+ Bxf6 26. Be3 Bd8 27. Bc5
Rc6 28. Bd4+ Kg8 29. Rab3 Ba6 30. Be4 Rd6 31. Bc5 Rad7 32. Bxd6 Rxd6 33. h4 Kg7
34. Re1 h6 35. Nf3 Nxa4 36. Ne5 Bxh4 37. Rc1 Bd8 38. Bb7 Be2 39. Rc8 g5 40. Bc6
Nc5 41. Rbb8 Be7 42. Rc7 gxf4 43. Re8 Kf6 44. Rexe7 Ne6 45. Rxe6+ Kxe6 46. Nf3
Rd1+ 47. Kh2 Kd6 48. Rc8 Rc1 49. Bb7 Rxc8 50. Bxc8 a4 51. Nd4 Bd1 52. Bf5 Kd5
53. Nb5 Kc5 54. Nc3 Bb3 55. Nb1 Kb4 56. Kh3 Bd5 57. Bc2 f3 58. gxf3 Bxf3 59.
Bxa4 Kxa4 1/2-1/2

[Event "Portugal tch 2012 - Fase final"]
[Site "Matosinhos POR"]
[Date "2012.07.28"]
[Round "8.5"]
[White "Pereira, Ricardo"]
[Black "Hammes, Michael"]
[Result "0-1"]
[WhiteElo "1946"]
[BlackElo "2377"]
[PlyCount "84"]
[EventDate "2012.07.21"]
[EventType "team"]
[EventRounds "9"]
[EventCountry "POR"]
[Source "lmi"]
[SourceDate "2012.07.21"]

1. d4 e6 2. g3 Nf6 3. Nf3 b5 4. Bg2 Bb7 5. O-O c5 6. c3 d5 7. Bf4 Be7 8. Nbd2
O-O 9. Ne5 Qb6 10. dxc5 Bxc5 11. Nb3 Be7 12. Qd3 Nbd7 13. Nxd7 Nxd7 14. e4 Nf6
15. exd5 Bxd5 16. Bxd5 Nxd5 17. Be5 Rfd8 18. Bd4 Qc6 19. Rfe1 a6 20. Qe4 Rac8
21. a3 Bf8 22. Rad1 Qc7 23. f4 Nb6 24. f5 exf5 25. Qxf5 Nc4 26. Re2 Qd7 27. Qf2
Re8 28. Rde1 Rxe2 29. Rxe2 Re8 30. Nc1 Rxe2 31. Qxe2 Qe6 32. Qxe6 fxe6 33. Nd3
Bd6 34. Bc5 Nxb2 35. Bxd6 Nxd3 36. Kf1 Kf7 37. Ke2 e5 38. Bc5 Nb2 39. Ke3 Ke6
40. Ke4 Nc4 41. Bb4 a5 42. Bf8 g6 0-1

[Event "Portugal tch 2012 - Fase final"]
[Site "Matosinhos POR"]
[Date "2012.07.28"]
[Round "8.5"]
[White "Swinkels, Robin"]
[Black "Parreira, André"]
[Result "1-0"]
[WhiteElo "2485"]
[BlackElo "1786"]
[PlyCount "125"]
[EventDate "2012.07.21"]
[EventType "team"]
[EventRounds "9"]
[EventCountry "POR"]
[Source "lmi"]
[SourceDate "2012.07.21"]

1. d4 Nf6 2. c4 e6 3. g3 d5 4. Bg2 h6 5. Nf3 Bb4+ 6. Bd2 Bd6 7. O-O O-O 8. Qc2
b6 9. Nc3 Bb7 10. cxd5 exd5 11. Nb5 Ne4 12. Nxd6 Qxd6 13. Bf4 Qc6 14. Qb3 Na6
15. Rac1 Qe6 16. Bxc7 g5 17. g4 Qxg4 18. h3 Qe6 19. Bh2 Rac8 20. a3 f5 21. Qd3
f4 22. Ne5 Nb8 23. Bf3 Qe8 24. Bg4 Rxc1 25. Rxc1 h5 26. Bf3 Na6 27. b4 Kg7 28.
b5 Nac5 29. dxc5 Qxe5 30. c6 Bc8 31. Rd1 Be6 32. Qd4 Qxd4 33. Rxd4 Nc3 34. Rd3
Nxb5 35. Bxd5 Bf5 36. e4 Bc8 37. Bc4 Nc7 38. Rd6 Bxh3 39. f3 Bc8 40. Kg2 g4 41.
Bg1 gxf3+ 42. Kxf3 Bg4+ 43. Kg2 h4 44. Bd4+ Kh7 45. e5 Bf5 46. Rd7+ Bxd7 47.
cxd7 Kg6 48. e6 Nxe6 49. Bxe6 h3+ 50. Bxh3 Kf7 51. Bf2 f3+ 52. Kf1 Ke7 53. Bh4+
Kd6 54. d8=Q+ Rxd8 55. Bxd8 Ke5 56. Kf2 Kd4 57. Kxf3 Kc3 58. Bd7 Kb3 59. Be7 a6
60. Ke4 b5 61. Kd5 Ka4 62. Kc6 a5 63. Kb6 1-0

[Event "Portugal tch 2012 - Fase final"]
[Site "Matosinhos POR"]
[Date "2012.07.29"]
[Round "9.1"]
[White "Appel, Ralf"]
[Black "Rocha, Sérgio"]
[Result "0-1"]
[WhiteElo "2535"]
[BlackElo "2404"]
[PlyCount "106"]
[EventDate "2012.07.21"]
[EventType "team"]
[EventRounds "9"]
[EventCountry "POR"]
[Source "lmi"]
[SourceDate "2012.07.21"]

1. d4 Nf6 2. Nf3 d5 3. Bf4 e6 4. e3 Bd6 5. Ne5 Nc6 6. Nd2 Bd7 7. Bg3 Qe7 8. f4
Ne4 9. Nxe4 dxe4 10. c4 Bb4+ 11. Kf2 Nxe5 12. fxe5 c5 13. a3 Ba5 14. dxc5 Bc7
15. b4 O-O 16. Kg1 Rad8 17. Ra2 Bc6 18. Qe1 Ba4 19. Be2 Rd7 20. h4 Qd8 21. Kh2
Qb8 22. Qc3 Rfd8 23. Re1 h6 24. b5 Rd3 25. Bxd3 Rxd3 26. Qa1 Qf8 27. b6 axb6
28. cxb6 Bxb6 29. Qb1 Ba5 30. Rf1 Bc6 31. Qc1 Qc5 32. Raf2 Rd7 33. Rd1 Rd3 34.
Rdf1 Rd7 35. Rd1 Rxd1 36. Qxd1 Qxe3 37. Re2 Qxa3 38. Qd6 Qd3 39. Ra2 Qc3 40.
Rf2 e3 41. Ra2 Qxc4 42. Qa3 Bb4 43. Qb2 Bc3 44. Qc2 b5 45. Ra6 b4 46. Rb6 Be4
47. Qd1 e2 48. Qd8+ Kh7 49. Rb8 e1=Q 50. Qg8+ Kg6 51. h5+ Kxh5 52. Qxf7+ Bg6
53. Qf3+ Qg4 0-1

[Event "Portugal tch 2012 - Fase final"]
[Site "Matosinhos POR"]
[Date "2012.07.29"]
[Round "9.1"]
[White "Damaso, Rui"]
[Black "Hoffmann, Michael"]
[Result "1/2-1/2"]
[WhiteElo "2365"]
[BlackElo "2482"]
[PlyCount "27"]
[EventDate "2012.07.21"]
[EventType "team"]
[EventRounds "9"]
[EventCountry "POR"]
[Source "lmi"]
[SourceDate "2012.07.21"]

1. Nf3 Nf6 2. g3 d5 3. Bg2 e6 4. O-O Be7 5. c4 O-O 6. d4 c6 7. Qc2 b6 8. Rd1
Ba6 9. b3 Nbd7 10. Nc3 Rc8 11. e4 dxc4 12. Nd2 b5 13. bxc4 bxc4 14. Bf1 1/2-1/2

[Event "Portugal tch 2012 - Fase final"]
[Site "Matosinhos POR"]
[Date "2012.07.29"]
[Round "9.1"]
[White "Hammes, Michael"]
[Black "Ulyanovskyy, Viktor"]
[Result "1/2-1/2"]
[WhiteElo "2377"]
[BlackElo "2290"]
[PlyCount "55"]
[EventDate "2012.07.21"]
[EventType "team"]
[EventRounds "9"]
[EventCountry "POR"]
[Source "lmi"]
[SourceDate "2012.07.21"]

1. d4 Nf6 2. c4 e6 3. Nf3 d5 4. Nc3 c5 5. cxd5 Nxd5 6. e4 Nxc3 7. bxc3 cxd4 8.
cxd4 Bb4+ 9. Bd2 Bxd2+ 10. Qxd2 O-O 11. Be2 b6 12. O-O Bb7 13. Qe3 Nd7 14. Rfd1
Rc8 15. Nd2 Qe7 16. Bf3 Nf6 17. Nf1 Rfd8 18. Rd2 Kf8 19. Rad1 Ba6 20. Ng3 g6
21. e5 Nd5 22. Bxd5 exd5 23. Qh6+ Kg8 24. h4 Rc3 25. Nf1 Bxf1 26. Rxf1 Rdc8 27.
g3 Qe6 28. Qf4 1/2-1/2

[Event "Portugal tch 2012 - Fase final"]
[Site "Matosinhos POR"]
[Date "2012.07.29"]
[Round "9.1"]
[White "Ulyanovskyy, Volodimir"]
[Black "Swinkels, Robin"]
[Result "0-1"]
[WhiteElo "2073"]
[BlackElo "2485"]
[PlyCount "62"]
[EventDate "2012.07.21"]
[EventType "team"]
[EventRounds "9"]
[EventCountry "POR"]
[Source "lmi"]
[SourceDate "2012.07.21"]

1. e4 c5 2. Nf3 d6 3. c4 e5 4. Be2 f5 5. d3 Be7 6. O-O f4 7. Ne1 Nf6 8. g3 g5
9. Bh5+ Kf8 10. Be2 Bh3 11. Ng2 Nc6 12. b3 Qd7 13. Bb2 h5 14. Kh1 Kf7 15. Rg1
Rag8 16. Nd2 Rh7 17. Bf1 h4 18. gxf4 gxf4 19. Nf3 Bg4 20. Be2 h3 21. Nge1 Rhg7
22. Qd2 Bd8 23. Bc3 Kf8 24. a3 Bh5 25. Bf1 Rxg1+ 26. Nxg1 Qg4 27. Ne2 Nh7 28.
f3 Qxf3+ 29. Nxf3 Bxf3+ 30. Bg2 Rxg2 31. Rf1 Ng5 0-1

[Event "Portugal tch 2012 - Fase final"]
[Site "Matosinhos POR"]
[Date "2012.07.29"]
[Round "9.2"]
[White "Gonzalez Perez, Arian"]
[Black "Vasques, António"]
[Result "1-0"]
[WhiteElo "2452"]
[BlackElo "2214"]
[PlyCount "117"]
[EventDate "2012.07.21"]
[EventType "team"]
[EventRounds "9"]
[EventCountry "POR"]
[Source "lmi"]
[SourceDate "2012.07.21"]

1. Nf3 Nf6 2. c4 e6 3. g3 d5 4. b3 Be7 5. Bg2 O-O 6. O-O b6 7. Bb2 Bb7 8. e3 c5
9. Nc3 Re8 10. Rc1 h6 11. cxd5 exd5 12. d4 Na6 13. dxc5 Nxc5 14. Nd4 Qd7 15.
Qc2 Rac8 16. Rfd1 Bf8 17. Qf5 Qxf5 18. Nxf5 g6 19. Nd4 Nfe4 20. Bh3 f5 21. Bf1
a6 22. Nce2 Kf7 23. Nf3 Ng5 24. Bg2 Nxf3+ 25. Bxf3 Ne4 26. Nf4 Rxc1 27. Rxc1
Bc5 28. Rd1 Rd8 29. Nd3 Ke7 30. Nf4 Kf7 31. h4 g5 32. hxg5 hxg5 33. Ne2 Kg6 34.
g4 Rf8 35. gxf5+ Rxf5 36. Bxe4 dxe4 37. Bd4 Rd5 38. Rc1 Kf7 39. Bxc5 Rxc5 40.
Rd1 Ke7 41. Nd4 Bc8 42. Kg2 a5 43. Kg3 Bd7 44. Rh1 b5 45. Rh7+ Kd6 46. Rh6+ Kc7
47. Ra6 a4 48. Ra7+ Kd6 49. Ra5 axb3 50. axb3 b4 51. Ra6+ Kc7 52. Re6 Rc3 53.
Rxe4 Kd6 54. Kf3 Rd3 55. Ke2 Rc3 56. Kd2 Rc5 57. Ne2 Rf5 58. Ke1 Kc5 59. Rc4+
1-0